Easy maths using vedic maths : (Record no. 42227)

MARC details
000 -LEADER
fixed length control field 00748nam a22002297a 4500
005 - DATE AND TIME OF LATEST TRANSACTION
control field 20100816161025.0
010 ## - LCCN (DPL NO)
LC control number ENG-100516
020 ## - INTERNATIONAL STANDARD BOOK NUMBER
Terms of availability 35.00
035 ## - SYSTEM CONTROL NUMBER
System control number EN-84050
037 ## - SOURCE OF ACQUISITION
Source of stock number/acquisition DBAD/PUB
082 ## - DEWEY DECIMAL CLASSIFICATION NUMBER
Classification number 510
245 ## - TITLE STATEMENT
Title Easy maths using vedic maths :
Statement of responsibility, etc compiled by Puyam Kameswara Sarma
Remainder of title (shortcuts in mathematics) /
260 ## - PUBLICATION, DISTRIBUTION, ETC. (IMPRINT)
Date of publication, distribution, etc 2008
Place of publication, distribution, etc Vijayawada
Name of publisher, distributor, etc Deepthi Book House
270 ## - ADDRESS
Address Museum Road, Governorpot,
City Vijayawada
Postal code 2
300 ## - PHYSICAL DESCRIPTION
Extent 100p.
Dimensions 21cm (pbk)
650 ## - SUBJECT ADDED ENTRY--TOPICAL TERM
Topical term or geographic name as entry element Mathematics
700 ## - ADDED ENTRY--PERSONAL NAME
9 (RLIN) 13999
Personal name Kameswara Sarma, Puyam
700 ## - ADDED ENTRY--PERSONAL NAME
9 (RLIN) 14065
700 ## - ADDED ENTRY--PERSONAL NAME
9 (RLIN) 14031
942 ## - ADDED ENTRY ELEMENTS (KOHA)
Source of classification or shelving scheme Dewey Decimal Classification
Item type English Books
Classification part 510
Call number suffix EAS
Holdings
Withdrawn status Lost status Not for loan Collection code Home library Current library Date acquired Source of acquisition Cost, normal purchase price Full call number Barcode Copy number Cost, replacement price Koha item type
    Not For Loan Non-fiction D.B.Act.Division D.B.Act.Division 16/08/2010 DBAD/PUB 35.00 510 EAS EN-84049 1 35.00 English Books

© Delhi Public Library
Hit Counter
free hit counter